000 01041nam a22002297a 4500
005 20260325135311.0
008 260107b |||||||| |||| 00| 0 eng d
041 _aasm
082 _a891.45
_bPHU
100 _aPhukan, Anandita.
242 _aDiscourse analysis of Yeshe Dorjee Thongchis novels : a conversion analysis of six selected works
245 _aবাক্-ধাৰা বিশ্লেষণৰ আধাৰত য়েছে দৰজে ঠংচিৰ উপন্যাসৰ কথোপকথন বিশ্লেষণ :
_bছখন নির্বাচিত উপন্যাসৰ আধাৰত
260 _c2025.
_eASM
300 _a204p.
650 _aAssamese literature
650 _aAssamese fiction
650 _aLiterary Reviews
700 _aGoswami, Dipanjali Das.
856 _uhttps://shodhganga.inflibnet.ac.in/handle/10603/673718
942 _cTHS
999 _c67701
_d67701